| 000 | 01263cam a22003374a 4500 | ||
|---|---|---|---|
| 999 |
_c8003 _d8003 |
||
| 001 | 13106261 | ||
| 003 | GZU | ||
| 005 | 20210513125849.0 | ||
| 008 | 030227s2003 dcua b 001 0 eng | ||
| 010 | _a 2003045004 | ||
| 020 | _a0821354183 | ||
| 040 |
_aDLC _cDLC _dDLC |
||
| 042 | _apcc | ||
| 050 | 0 | 0 |
_aHG1615 _b.G746 2003 |
| 082 | 0 | 0 |
_a332.1/068/1 _221 |
| 100 | 1 | _aGreuning, Hennie van. | |
| 245 | 1 | 0 |
_aAnalyzing and managing banking risk : _ba framework for assessing corporate governance and financial risk / _cHennie van Greuning, Sonja Brajovic Bratanovic. |
| 250 | _a2nd ed. | ||
| 260 |
_aWashington, DC : _bWorld Bank, _c2003. |
||
| 300 |
_axvi, 367 p. : _bill. ; _c23 cm. |
||
| 500 | _aOriginally published under title: Analyzing bank risk. | ||
| 504 | _aIncludes bibliographical references and index. | ||
| 650 | 0 | _aBank management. | |
| 650 | 0 | _aRisk management. | |
| 650 | 0 | _aCorporate governance. | |
| 700 | 1 |
_aGreuning, Hennie van. _tAnalyzing banking risk. |
|
| 700 | 1 |
_aBrajovic Bratanovic, Sonja, _d1946- |
|
| 906 |
_a7 _bcbc _corignew _d1 _eocip _f20 _gy-gencatlg |
||
| 942 |
_2lcc _cBK _e2nd _h1615 _iGRE _kHG _m2003 |
||